The out of school youth / (Record no. 133701)

MARC details
000 -LEADER
fixed length control field 00720nam a22002417a 4500
005 - DATE AND TIME OF LATEST TRANSACTION
control field 20170124110214.0
010 ## - LIBRARY OF CONGRESS CONTROL NUMBER
LC control number 850103
020 ## - INTERNATIONAL STANDARD BOOK NUMBER
Terms of availability 00.00
035 ## - SYSTEM CONTROL NUMBER
System control number 850103
037 ## - SOURCE OF ACQUISITION
Source of stock number/acquisition Cen Lib/Ret
040 ## - CATALOGING SOURCE
Original cataloging agency DPL
Language of cataloging EN
082 ## - DEWEY DECIMAL CLASSIFICATION NUMBER
Classification number 301.43
Item number RED
100 ## - MAIN ENTRY--PERSONAL NAME
Personal name Reddy, V. E
9 (RLIN) 38686
245 ## - TITLE STATEMENT
Title The out of school youth /
Statement of responsibility, etc by V. E. Reddy [and] K. S. Bhat
260 ## - PUBLICATION, DISTRIBUTION, ETC. (IMPRINT)
Place of publication, distribution, etc New Delhi
Name of publisher, distributor, etc Sterling Publishers
Date of publication, distribution, etc 1977
270 ## - ADDRESS
Address A B/9, Safdarjang Enclave
City New Delhi
Postal code 110016
300 ## - PHYSICAL DESCRIPTION
Extent xv,299p.
Dimensions 21cm(Hb)
500 ## - GENERAL NOTE
General note Includes index
650 ## - SUBJECT ADDED ENTRY--TOPICAL TERM
Topical term or geographic name as entry element Youth -- India
9 (RLIN) 18469
650 ## - SUBJECT ADDED ENTRY--TOPICAL TERM
Topical term or geographic name as entry element India -- Social conditions -- 1947-
9 (RLIN) 9198
700 ## - ADDED ENTRY--PERSONAL NAME
Personal name Bhat, K. S
9 (RLIN) 38687
942 ## - ADDED ENTRY ELEMENTS (KOHA)
Source of classification or shelving scheme Dewey Decimal Classification
Koha item type English Books
Classification part 301.43
Call number suffix RED
Holdings
Withdrawn status Lost status Damaged status Not for loan Home library Current library Date acquired Source of acquisition Cost, normal purchase price Total Checkouts Full call number Barcode Date last seen Copy number Cost, replacement price Price effective from Koha item type
        Central Library Central Library 27/07/2015 Cen Lib/Ret 0.00   301.43 RED 850103 27/07/2015 1 0.00 27/07/2015 English Books

© Delhi Public Library
Hit Counter
free hit counter